000 00190 a2200097 4500
020 _a9788495349477
041 _aspa
100 _aOrwell,George
245 _aRebelion en la Granja
942 _cBK
999 _c8743
_d8743